[Event "Campeonato de España Universitario 2008"]
[Site "Madrid ESP"]
[Date "2008.05.09"]
[Round "5.21"]
[White "Fidalgo Fernandez, Lucia"]
[Black "Hajmohamad Ali, Ehsan"]
[Result "0-1"]
[WhiteElo "2093"]
[BlackElo "2227"]
[PlyCount "120"]
[EventDate "2008.05.08"]
[EventType "swiss"]
[EventRounds "9"]
[EventCountry "ESP"]
[Source "lmi"]
[SourceDate "2008.05.08"]

1. d4 Nf6 2. Nf3 d5 3. c4 c6 4. Nc3 e6 5. Bg5 Nbd7 6. cxd5 exd5 7. e3 Bd6 8.
Qc2 O-O 9. Bd3 h6 10. Bh4 Qc7 11. O-O Ng4 12. Bg3 Bxg3 13. hxg3 Qd8 14. b4 Ndf6
15. Rfc1 Qe7 16. Rab1 Re8 17. b5 Ne4 18. Nd1 Bd7 19. Qe2 Qf6 20. bxc6 Bxc6 21.
Bxe4 dxe4 22. Nh2 Nxh2 23. Kxh2 Rad8 24. Nc3 h5 25. Rh1 g6 26. Kg1 Rc8 27. Rh4
a6 28. Qd2 b5 29. d5 Bb7 30. Nxe4 Qe5 31. Qb2 Qxb2 32. Rxb2 Red8 33. Rd2 Kg7
34. d6 f6 35. d7 Rc1+ 36. Kh2 Rc7 37. Nd6 Rcxd7 38. Nxb7 Rxd2 39. Nxd8 Rxd8 40.
a4 Rb8 41. axb5 axb5 42. Rb4 Kf7 43. Kg1 Ke6 44. Kf1 Kd5 45. Ke2 Kc5 46. Rb1
Ra8 47. Rb2 b4 48. Kd3 Ra3+ 49. Kd2 Kc4 50. Rc2+ Rc3 51. Rb2 b3 52. e4 Rd3+ 53.
Ke2 Rd8 54. Rb1 Ra8 55. Ke3 Ra3 56. Kd2 Ra2+ 57. Ke3 b2 58. f4 Ra3+ 59. Kf2 Rb3
60. Ke2 Rxg3 0-1

[Event "Campeonato de España Universitario 2008"]
[Site "Madrid ESP"]
[Date "2008.05.09"]
[Round "5.22"]
[White "Fernandez Blazquez, Diego"]
[Black "Mayans Calvo, Mariano"]
[Result "0-1"]
[WhiteElo "2068"]
[BlackElo "2223"]
[PlyCount "110"]
[EventDate "2008.05.08"]
[EventType "swiss"]
[EventRounds "9"]
[EventCountry "ESP"]
[Source "lmi"]
[SourceDate "2008.05.08"]

1. d4 e6 2. c4 Nf6 3. g3 h5 4. Nf3 h4 5. Nxh4 d5 6. Bg5 c5 7. Bg2 cxd4 8. cxd5
Bb4+ 9. Nd2 exd5 10. O-O Nc6 11. Nb3 Rh5 12. Bxf6 Qxf6 13. Nf3 Bh3 14. Nbxd4
Bxg2 15. Kxg2 Kf8 16. Nxc6 bxc6 17. Qd4 Qe7 18. Rac1 c5 19. Qg4 Rh6 20. e3 Rd8
21. Rfd1 Ba5 22. a3 Kg8 23. h4 Bb6 24. Rd3 Rhd6 25. Rcd1 Bc7 26. h5 Qe4 27. Kh3
f5 28. Qf4 R6d7 29. Ng5 Bxf4 30. Nxe4 fxe4 31. Rc3 Be5 32. Rxc5 Bxb2 33. a4 Ba3
34. Rc3 Bb4 35. Rc6 Rd6 36. Rc7 R8d7 37. Rc8+ Rd8 38. Rc7 R6d7 39. Rc6 Ba5 40.
Ra6 Bb6 41. Rc1 Rf8 42. a5 Bd8 43. Rc2 Rf6 44. Rxf6 Bxf6 45. Rc8+ Kf7 46. g4
Ke6 47. Kg3 Rc7 48. Ra8 Bc3 49. f3 Be1+ 50. Kg2 Bxa5 51. fxe4 dxe4 52. Kg3 Rf7
53. Re8+ Re7 54. Ra8 Bc7+ 55. Kh4 Bb6 0-1

[Event "Campeonato de España Universitario 2008"]
[Site "Madrid ESP"]
[Date "2008.05.09"]
[Round "5.23"]
[White "Piay Augusto, Diego"]
[Black "Castejon Caballero, Natalia"]
[Result "1-0"]
[WhiteElo "2281"]
[BlackElo "2079"]
[PlyCount "77"]
[EventDate "2008.05.08"]
[EventType "swiss"]
[EventRounds "9"]
[EventCountry "ESP"]
[Source "lmi"]
[SourceDate "2008.05.08"]

1. e4 c5 2. c3 d5 3. exd5 Qxd5 4. d4 Nf6 5. Nf3 Nc6 6. Nbd2 cxd4 7. Bc4 Qh5 8.
cxd4 e6 9. O-O Bd6 10. h3 O-O 11. Re1 a6 12. Ne4 Be7 13. Ng3 Qa5 14. Bd2 Qd8
15. Bc3 b5 16. Bd3 b4 17. Bd2 Nxd4 18. Bg5 Nxf3+ 19. Qxf3 Ra7 20. Rad1 Rd7 21.
Bc4 Bb7 22. Qb3 Rxd1 23. Rxd1 Qc8 24. Nh5 Qc6 25. Bf1 Nd5 26. Rxd5 exd5 27.
Bxe7 Re8 28. Bxb4 Qg6 29. Ng3 d4 30. Bc5 Qc6 31. Bxd4 Re1 32. f3 Qc7 33. Bf2
Rc1 34. Qe3 h6 35. Ne2 Rc2 36. Nc3 Rxb2 37. Qe8+ Kh7 38. Bd3+ g6 39. Bd4 1-0

[Event "Campeonato de España Universitario 2008"]
[Site "Madrid ESP"]
[Date "2008.05.09"]
[Round "5.25"]
[White "Lorente Peñalba, Diego"]
[Black "Perez Campos, Adria"]
[Result "1-0"]
[WhiteElo "2134"]
[BlackElo "2229"]
[PlyCount "41"]
[EventDate "2008.05.08"]
[EventType "swiss"]
[EventRounds "9"]
[EventCountry "ESP"]
[Source "lmi"]
[SourceDate "2008.05.08"]

1. e4 c5 2. Nf3 d6 3. d4 cxd4 4. Nxd4 Nf6 5. Nc3 a6 6. g3 b5 7. Bg2 Ra7 8. O-O
e6 9. a3 Be7 10. Be3 Rd7 11. f4 Bb7 12. g4 g6 13. g5 Nh5 14. Qg4 Ng7 15. f5
gxf5 16. exf5 Bxg2 17. Kxg2 exf5 18. Nxf5 Nxf5 19. Qxf5 Bxg5 20. Bxg5 Rg8 21.
Ne4 1-0

[Event "Campeonato de España Universitario 2008"]
[Site "Madrid ESP"]
[Date "2008.05.09"]
[Round "5.26"]
[White "Martinez Martin, Iñigo"]
[Black "Cuenca Jimenez, Francisco Javier"]
[Result "1/2-1/2"]
[WhiteElo "2228"]
[BlackElo "2130"]
[PlyCount "64"]
[EventDate "2008.05.08"]
[EventType "swiss"]
[EventRounds "9"]
[EventCountry "ESP"]
[Source "lmi"]
[SourceDate "2008.05.08"]

1. e4 d5 2. Nc3 Nf6 3. e5 d4 4. exf6 dxc3 5. fxg7 cxd2+ 6. Qxd2 Qxd2+ 7. Bxd2
Bxg7 8. O-O-O Nc6 9. h3 Bd7 10. Nf3 h6 11. Bc4 e6 12. Rhe1 O-O-O 13. a3 a6 14.
Re3 Rhe8 15. g4 b5 16. Bf1 f6 17. a4 Ne7 18. axb5 axb5 19. Nd4 Nd5 20. Ra3 c6
21. Ba5 Nc7 22. Bg2 Bf8 23. Bxc7 Kxc7 24. Ra7+ Kb6 25. Ra1 c5 26. Ne2 e5 27.
Nc3 Be6 28. Be4 b4 29. Na4+ Kb5 30. c4+ bxc3 31. Nxc3+ Kb6 32. Kc2 Rd6 1/2-1/2

[Event "Campeonato de España Universitario 2008"]
[Site "Madrid ESP"]
[Date "2008.05.09"]
[Round "5.27"]
[White "Amate Tortosa, Bernardo"]
[Black "Jimenez Martinez, Jose Vicente"]
[Result "1/2-1/2"]
[WhiteElo "2116"]
[BlackElo "2202"]
[PlyCount "43"]
[EventDate "2008.05.08"]
[EventType "swiss"]
[EventRounds "9"]
[EventCountry "ESP"]
[Source "lmi"]
[SourceDate "2008.05.08"]

1. e4 d6 2. d4 g6 3. Nc3 Bg7 4. g3 Nf6 5. Bg2 O-O 6. Nge2 Nbd7 7. O-O c5 8. h3
Rb8 9. a4 b6 10. Bg5 a6 11. Qd2 b5 12. axb5 axb5 13. Bh6 b4 14. Nd5 Nxd5 15.
exd5 c4 16. Bxg7 Kxg7 17. Rfe1 Nf6 18. Ra7 Bb7 19. Nf4 Re8 20. Ra4 b3 21. Rxc4
bxc2 22. Rxc2 1/2-1/2

[Event "Campeonato de España Universitario 2008"]
[Site "Madrid ESP"]
[Date "2008.05.09"]
[Round "5.28"]
[White "Medina Menendez, Eduardo Matias"]
[Black "Lara Lopez, Jose"]
[Result "0-1"]
[WhiteElo "2105"]
[BlackElo "2178"]
[PlyCount "74"]
[EventDate "2008.05.08"]
[EventType "swiss"]
[EventRounds "9"]
[EventCountry "ESP"]
[Source "lmi"]
[SourceDate "2008.05.08"]

1. e4 e6 2. Qe2 Be7 3. Nf3 d5 4. d3 Nf6 5. g3 c5 6. Bg2 Nc6 7. c3 b6 8. e5 Nd7
9. O-O h6 10. c4 dxc4 11. dxc4 Bb7 12. Nc3 Rb8 13. Rd1 a6 14. h4 g5 15. hxg5
hxg5 16. g4 Qc7 17. Re1 Nd4 18. Nxd4 cxd4 19. Nd1 Bxg2 20. Kxg2 f6 21. f4 fxe5
22. fxe5 Nc5 23. b4 Qc6+ 24. Kg3 Nd7 25. a3 Rc8 26. Qd3 Qxc4 27. Qg6+ Kd8 28.
Bxg5 Qb3+ 29. Re3 dxe3 30. Bxe7+ Kc7 31. Qe4 e2+ 32. Ne3 Qc3 33. Qc4+ Qxc4 34.
Nxc4 Kb8 35. Bd6+ Kb7 36. Nd2 Rc3+ 37. Kf2 Rh2+ 0-1

[Event "Campeonato de España Universitario 2008"]
[Site "Madrid ESP"]
[Date "2008.05.09"]
[Round "5.29"]
[White "Deruelle Sala, Albert"]
[Black "Perez Mauricio, Xoel"]
[Result "0-1"]
[WhiteElo "2103"]
[BlackElo "2168"]
[PlyCount "96"]
[EventDate "2008.05.08"]
[EventType "swiss"]
[EventRounds "9"]
[EventCountry "ESP"]
[Source "lmi"]
[SourceDate "2008.05.08"]

1. d4 d6 2. c4 e5 3. dxe5 dxe5 4. Qxd8+ Kxd8 5. Nf3 f6 6. Nc3 c6 7. e4 Be6 8.
Be3 Nd7 9. Be2 Kc7 10. O-O Nh6 11. h3 g6 12. Nd2 Nf7 13. f4 exf4 14. Bxf4+ Nfe5
15. Bh2 Bh6 16. Nf3 Rad8 17. Nxe5 fxe5 18. b4 Be3+ 19. Kh1 Bd4 20. Rac1 Rhf8
21. b5 Rxf1+ 22. Bxf1 Rf8 23. bxc6 bxc6 24. Nd5+ Kd6 25. Nb4 a5 26. Nc2 Bc5 27.
Rd1+ Kc7 28. Bg3 Bf2 29. Bh2 Rb8 30. Nd4 Bxd4 31. Rxd4 Rb1 32. Kg1 Kb6 33. c5+
Kxc5 34. Ra4 Kb6 35. Kf2 Rb2+ 36. Ke1 Rxa2 37. Bg1+ c5 38. Rxa2 Bxa2 39. Bd3
Kc6 40. Kd2 c4 41. Bc2 Bb3 42. Bxb3 cxb3 43. Kc3 a4 44. Be3 Kb5 45. Bc1 Nc5 46.
Ba3 Nxe4+ 47. Kd3 Nc5+ 48. Ke3 Kc4 0-1

[Event "Campeonato de España Universitario 2008"]
[Site "Madrid ESP"]
[Date "2008.05.09"]
[Round "5.30"]
[White "Piña Sierra, Julia"]
[Black "Garcia Brion, Eduardo"]
[Result "0-1"]
[WhiteElo "2101"]
[BlackElo "2158"]
[PlyCount "62"]
[EventDate "2008.05.08"]
[EventType "swiss"]
[EventRounds "9"]
[EventCountry "ESP"]
[Source "lmi"]
[SourceDate "2008.05.08"]

1. e4 e5 2. Nf3 Nc6 3. Bb5 f5 4. d3 fxe4 5. dxe4 Nf6 6. O-O Bc5 7. Bg5 h6 8.
Bxf6 Qxf6 9. Nc3 d6 10. Nd5 Qd8 11. b4 Bb6 12. Nxb6 axb6 13. Qd5 Bd7 14. Bc4
Qe7 15. c3 Nd8 16. Qd3 Be6 17. g3 O-O 18. Nh4 Bxc4 19. Qxc4+ Qf7 20. Qe2 Ra3
21. Qb2 Ra4 22. Nf5 Ne6 23. h4 Rfa8 24. a3 Nf8 25. f4 Qe6 26. c4 Nd7 27. Qc3
Nf6 28. Qd3 exf4 29. Rxf4 Qe5 30. Raf1 Rxa3 31. Qe2 Ra2 0-1

[Event "Campeonato de España Universitario 2008"]
[Site "Madrid ESP"]
[Date "2008.05.09"]
[Round "5.31"]
[White "Encinas Encinas, Alvaro"]
[Black "Krug Cortegoso, Rodolfo Martin"]
[Result "1-0"]
[WhiteElo "2050"]
[BlackElo "2154"]
[PlyCount "85"]
[EventDate "2008.05.08"]
[EventType "swiss"]
[EventRounds "9"]
[EventCountry "ESP"]
[Source "lmi"]
[SourceDate "2008.05.08"]

1. e4 g6 2. Nc3 Bg7 3. Nge2 d6 4. Ng3 c5 5. Bc4 Nc6 6. a4 Nf6 7. h4 h5 8. d3
O-O 9. Bg5 Ne5 10. Ba2 a6 11. Qd2 Bg4 12. f4 Nc6 13. Nd1 Qd7 14. Ne3 Kh7 15. f5
Ne5 16. c3 e6 17. O-O exf5 18. exf5 Rae8 19. Rf2 d5 20. Raf1 d4 21. cxd4 cxd4
22. Nc4 Nxc4 23. Bxc4 Qd6 24. Qf4 Qxf4 25. Rxf4 Re3 26. Kh2 Rxg3 27. fxg6+ fxg6
28. Kxg3 Bf5 29. Re1 Ng4 30. Re7 b5 31. axb5 axb5 32. Be6 Kh8 33. Bxf5 gxf5 34.
Kh3 Be5 35. Rf3 Bh2 36. Bf4 Bg1 37. Be5+ Nxe5 38. Rxe5 f4 39. Rxh5+ Kg7 40.
Rxb5 Be3 41. g3 Ra8 42. gxf4 Ra1 43. f5 1-0

[Event "Campeonato de España Universitario 2008"]
[Site "Madrid ESP"]
[Date "2008.05.09"]
[Round "5.32"]
[White "Rodriguez Falcon, Jesus Manuel"]
[Black "Martinez Lozano, Miguel Angel"]
[Result "1/2-1/2"]
[WhiteElo "1981"]
[BlackElo "2209"]
[PlyCount "78"]
[EventDate "2008.05.08"]
[EventType "swiss"]
[EventRounds "9"]
[EventCountry "ESP"]
[Source "lmi"]
[SourceDate "2008.05.08"]

1. e4 c5 2. d3 Nc6 3. Nf3 g6 4. g3 Bg7 5. Bg2 d6 6. O-O Nf6 7. c3 O-O 8. Nbd2
Nd7 9. Re1 Rb8 10. a4 a6 11. Nf1 b5 12. axb5 axb5 13. d4 b4 14. Ne3 bxc3 15.
bxc3 cxd4 16. cxd4 Nc5 17. e5 Nb3 18. Rb1 Nxc1 19. Rxb8 Nxb8 20. Qxc1 d5 21.
Qc5 e6 22. Rc1 Re8 23. Bf1 Bf8 24. Qa7 Nd7 25. Rc7 Re7 26. Nd2 Nb6 27. Rxe7
Bxe7 28. Nb3 Bd7 29. Nc5 Bc6 30. Nc2 Nc8 31. Qa6 Qc7 32. Nb4 Be8 33. Bb5 Bxb5
34. Qxb5 Na7 35. Qe8+ Kg7 36. Nba6 Qd8 37. Qa4 Qb6 38. Qe8 Qd8 39. Qa4 Qb6
1/2-1/2

[Event "Campeonato de España Universitario 2008"]
[Site "Madrid ESP"]
[Date "2008.05.09"]
[Round "5.33"]
[White "Bermejo Martinez, Jorge"]
[Black "Colls Bosch, Emili"]
[Result "1-0"]
[WhiteElo "2267"]
[BlackElo "2030"]
[PlyCount "47"]
[EventDate "2008.05.08"]
[EventType "swiss"]
[EventRounds "9"]
[EventCountry "ESP"]
[Source "lmi"]
[SourceDate "2008.05.08"]

1. Nf3 Nf6 2. c4 e6 3. g3 b6 4. Bg2 Bb7 5. O-O Be7 6. d4 O-O 7. Nc3 Ne4 8. Qc2
Nxc3 9. bxc3 f5 10. d5 Na6 11. Rd1 Qc8 12. Nd4 Nc5 13. Ba3 Re8 14. Re1 Bf8 15.
Rad1 g6 16. e4 fxe4 17. Bxc5 bxc5 18. Nb3 exd5 19. cxd5 d6 20. Bxe4 Qg4 21. Kg2
Bc8 22. f3 Qh3+ 23. Kg1 Bd7 24. Nc1 1-0

[Event "Campeonato de España Universitario 2008"]
[Site "Madrid ESP"]
[Date "2008.05.09"]
[Round "5.34"]
[White "Navarro Ortiz De Ortuño, Borja Ed"]
[Black "Codina Tormo, Julia"]
[Result "1-0"]
[WhiteElo "2224"]
[BlackElo "2029"]
[PlyCount "47"]
[EventDate "2008.05.08"]
[EventType "swiss"]
[EventRounds "9"]
[EventCountry "ESP"]
[Source "lmi"]
[SourceDate "2008.05.08"]

1. d4 Nf6 2. c4 c5 3. d5 b5 4. cxb5 a6 5. b6 e6 6. Nc3 Nxd5 7. Nxd5 exd5 8.
Qxd5 Nc6 9. e4 Be7 10. Bc4 O-O 11. Nf3 Rb8 12. O-O Qxb6 13. Qh5 Nd8 14. Bf4 d6
15. Rab1 Be6 16. Nd2 Bxc4 17. Nxc4 Qc6 18. Qd5 Qxd5 19. exd5 Nb7 20. Rfe1 Rfe8
21. b4 g5 22. Bg3 cxb4 23. Rxb4 Nc5 24. Rxe7 1-0

[Event "Campeonato de España Universitario 2008"]
[Site "Madrid ESP"]
[Date "2008.05.09"]
[Round "5.35"]
[White "Paredes Sanchez, Juan"]
[Black "Criado Lopez, Alberto"]
[Result "0-1"]
[WhiteElo "2215"]
[BlackElo "2014"]
[PlyCount "70"]
[EventDate "2008.05.08"]
[EventType "swiss"]
[EventRounds "9"]
[EventCountry "ESP"]
[Source "lmi"]
[SourceDate "2008.05.08"]

1. e4 e5 2. Nf3 Nf6 3. Nxe5 d6 4. Nc4 Nxe4 5. Nc3 Nxc3 6. dxc3 d5 7. Ne3 c6 8.
f4 Bc5 9. Qf3 O-O 10. Bd2 Nd7 11. O-O-O Nf6 12. Bd3 Bxe3 13. Qxe3 Re8 14. Qd4
Ne4 15. c4 Bg4 16. Rde1 Nxd2 17. Rxe8+ Qxe8 18. Kxd2 dxc4 19. Qxc4 Rd8 20. Re1
Qd7 21. Kc1 Bf5 22. Re3 Bxd3 23. Rxd3 Qe7 24. Qe4 Qf8 25. Re3 Qd6 26. Rd3 Qf8
27. f5 Re8 28. Qd4 Qe7 29. b3 Qg5+ 30. Kb2 Qxf5 31. Qxa7 b5 32. Qd4 c5 33. Qd5
Qf6+ 34. c3 b4 35. Rf3 Re2+ 0-1

[Event "Campeonato de España Universitario 2008"]
[Site "Madrid ESP"]
[Date "2008.05.09"]
[Round "5.36"]
[White "Zamarbide Iñarrea, Borja"]
[Black "Pellicer Coloma, Pedro"]
[Result "0-1"]
[WhiteElo "2202"]
[BlackElo "2006"]
[PlyCount "42"]
[EventDate "2008.05.08"]
[EventType "swiss"]
[EventRounds "9"]
[EventCountry "ESP"]
[Source "lmi"]
[SourceDate "2008.05.08"]

1. e4 c5 2. Nc3 b6 3. f4 Bb7 4. Nf3 g6 5. d3 Bg7 6. Be2 e6 7. O-O Ne7 8. Qe1
O-O 9. e5 d5 10. Nd1 Nd7 11. d4 cxd4 12. Nxd4 Rc8 13. Bg4 Nc5 14. Be3 Nf5 15.
Bxf5 exf5 16. Rf3 Re8 17. Bf2 Qd7 18. Ne3 f6 19. Rd1 fxe5 20. fxe5 Bxe5 21. c4
f4 0-1

[Event "Campeonato de España Universitario 2008"]
[Site "Madrid ESP"]
[Date "2008.05.09"]
[Round "5.37"]
[White "Garcia Mendoza, Francisco"]
[Black "Ares Campo, Iria"]
[Result "1-0"]
[WhiteElo "2195"]
[BlackElo "1987"]
[PlyCount "47"]
[EventDate "2008.05.08"]
[EventType "swiss"]
[EventRounds "9"]
[EventCountry "ESP"]
[Source "lmi"]
[SourceDate "2008.05.08"]

1. e4 d6 2. d4 Nf6 3. Nc3 e5 4. Nf3 Nbd7 5. Bc4 Be7 6. Ng5 O-O 7. Bxf7+ Rxf7 8.
Ne6 Qe8 9. Nxc7 Qf8 10. Nxa8 Nxe4 11. Nxe4 d5 12. Ng3 Rxf2 13. Rf1 Rxf1+ 14.
Nxf1 Bd6 15. Be3 e4 16. c4 Nf6 17. c5 Bb8 18. Qb3 Qf7 19. O-O-O Ng4 20. h3 Nf6
21. Kb1 Qd7 22. c6 Qxc6 23. Rc1 Qd7 24. Qc2 1-0

[Event "Campeonato de España Universitario 2008"]
[Site "Madrid ESP"]
[Date "2008.05.09"]
[Round "5.38"]
[White "Alonso Alvarez, Aitor"]
[Black "Ceron Carrion, Cesar"]
[Result "0-1"]
[WhiteElo "2190"]
[BlackElo "1966"]
[PlyCount "86"]
[EventDate "2008.05.08"]
[EventType "swiss"]
[EventRounds "9"]
[EventCountry "ESP"]
[Source "lmi"]
[SourceDate "2008.05.08"]

1. g3 d5 2. f4 Nf6 3. Nf3 Bf5 4. Bg2 Qd7 5. Ne5 Qc8 6. O-O Bh3 7. c3 Bxg2 8.
Kxg2 c5 9. d3 Nc6 10. Qa4 e6 11. e4 Be7 12. exd5 Nxd5 13. Na3 O-O 14. Nxc6 bxc6
15. Nc4 Nb6 16. Qb3 Qd7 17. Ne5 Qd5+ 18. Kg1 c4 19. Qc2 f6 20. Nf3 cxd3 21. Qf2
e5 22. Be3 Nc4 23. b4 Nxe3 24. Qxe3 e4 25. f5 Bd8 26. Nd4 Bb6 27. Rae1 Rfe8 28.
Rf4 Rad8 29. Kf1 Bxd4 30. cxd4 Qxd4 31. Qxd4 Rxd4 32. a3 d2 33. Rd1 e3 34. Ke2
Rxf4 35. gxf4 Kf7 36. Rb1 Re4 37. Rb3 Rd4 38. Rb1 Ke7 39. Rd1 Re4 40. a4 Kd6
41. b5 cxb5 42. axb5 Kc5 43. Rb1 Rc4 0-1

[Event "Campeonato de España Universitario 2008"]
[Site "Madrid ESP"]
[Date "2008.05.09"]
[Round "5.39"]
[White "Rey Garcia, Tomas"]
[Black "Ibarra Jerez, Juan Miguel"]
[Result "0-1"]
[WhiteElo "2029"]
[BlackElo "2176"]
[PlyCount "56"]
[EventDate "2008.05.08"]
[EventType "swiss"]
[EventRounds "9"]
[EventCountry "ESP"]
[Source "lmi"]
[SourceDate "2008.05.08"]

1. e4 c5 2. Nc3 e6 3. g3 Nc6 4. Bg2 g6 5. d3 Bg7 6. Be3 Nd4 7. Qd2 Ne7 8. Nd1
b6 9. c3 Ndc6 10. Bh6 Bxh6 11. Qxh6 Ba6 12. Bf1 d5 13. Ne3 dxe4 14. dxe4 Bxf1
15. Nxf1 Qd3 16. Qe3 Qb5 17. O-O-O Qa4 18. a3 Na5 19. Nd2 O-O-O 20. Ngf3 f6 21.
Qe2 e5 22. Qa6+ Kb8 23. Kb1 c4 24. Rc1 Nec6 25. Rhd1 Ka8 26. b3 cxb3 27. Kb2 b5
28. c4 Nxc4+ 0-1

[Event "Campeonato de España Universitario 2008"]
[Site "Madrid ESP"]
[Date "2008.05.09"]
[Round "5.40"]
[White "Simonet Planas, Adrian"]
[Black "Fernandez Losada, Daniel"]
[Result "0-1"]
[WhiteElo "2027"]
[BlackElo "2173"]
[PlyCount "82"]
[EventDate "2008.05.08"]
[EventType "swiss"]
[EventRounds "9"]
[EventCountry "ESP"]
[Source "lmi"]
[SourceDate "2008.05.08"]

1. c4 e5 2. g3 g6 3. Bg2 Bg7 4. e3 c6 5. Nc3 Ne7 6. Nge2 d6 7. O-O Be6 8. d3
Qd7 9. Re1 h5 10. Ne4 h4 11. c5 Nc8 12. cxd6 hxg3 13. fxg3 Bh3 14. Bh1 Nxd6 15.
Nc5 Qc7 16. Nc3 Nd7 17. N5e4 O-O-O 18. Rb1 Nf6 19. Nxf6 Bxf6 20. b4 e4 21. Nxe4
Nxe4 22. Bxe4 Be5 23. Kf2 Be6 24. Rh1 Rxh2+ 25. Rxh2 Bxg3+ 26. Kg2 Bxh2 27. Qe1
Rh8 28. Bb2 Bh3+ 29. Kf3 Re8 30. Qh4 Be6 31. Ke2 Bg3 32. Qf6 Qb6 33. Bd4 Qb5
34. Kf3 Bd6 35. a3 Qh5+ 36. Kf2 Be7 37. Qf3 Bg4 38. Qh1 Bh4+ 39. Kg1 Qg5 40.
Kf1 Bg3 41. b5 Re6 0-1

[Event "Campeonato de España Universitario 2008"]
[Site "Madrid ESP"]
[Date "2008.05.09"]
[Round "5.41"]
[White "Prieto Aranguren, Alain"]
[Black "Perez Garcia, Jose Miguel"]
[Result "1-0"]
[WhiteElo "2170"]
[BlackElo "1957"]
[PlyCount "81"]
[EventDate "2008.05.08"]
[EventType "swiss"]
[EventRounds "9"]
[EventCountry "ESP"]
[Source "lmi"]
[SourceDate "2008.05.08"]

1. d4 Nf6 2. c4 e6 3. Nc3 Bb4 4. e3 b6 5. Bd3 Bb7 6. f3 c5 7. Nge2 O-O 8. O-O
cxd4 9. exd4 d5 10. Bg5 dxc4 11. Bxc4 Nbd7 12. a3 Be7 13. Rc1 Rc8 14. Ba2 Re8
15. Qd2 Nf8 16. Rfd1 Ng6 17. Nf4 Nxf4 18. Bxf4 Qd7 19. Bb1 Nd5 20. Nxd5 Qxd5
21. Qd3 g6 22. Be5 Bg5 23. Rc2 Rxc2 24. Bxc2 Rd8 25. Bb3 Qd7 26. Re1 Bd5 27.
Bxd5 Qxd5 28. Qe4 f6 29. Qxd5 Rxd5 30. Bb8 Rxd4 31. Bxa7 Rd6 32. f4 Bh6 33. g3
Rc6 34. Rd1 Bf8 35. b4 b5 36. Rd8 Kf7 37. Rd7+ Kg8 38. Rb7 Ra6 39. Bc5 Bxc5+
40. bxc5 Rxa3 41. c6 1-0

[Event "Campeonato de España Universitario 2008"]
[Site "Madrid ESP"]
[Date "2008.05.09"]
[Round "5.42"]
[White "Alcaraz Soriano, Angela"]
[Black "Rios Del Moral, Neftali"]
[Result "0-1"]
[WhiteElo "1995"]
[BlackElo "2170"]
[PlyCount "102"]
[EventDate "2008.05.08"]
[EventType "swiss"]
[EventRounds "9"]
[EventCountry "ESP"]
[Source "lmi"]
[SourceDate "2008.05.08"]

1. d4 d5 2. c4 e6 3. Nc3 f5 4. e3 Nf6 5. Nf3 c6 6. Be2 Bd6 7. h3 O-O 8. b3 Nbd7
9. Bb2 Ne4 10. Qc2 Qe7 11. Bd3 a5 12. O-O-O Ba3 13. Bxe4 fxe4 14. Ne1 Bxb2+ 15.
Qxb2 b6 16. f4 Ba6 17. g4 a4 18. Rh2 axb3 19. axb3 Ra7 20. cxd5 cxd5 21. Kd2
Rc8 22. Ra1 Nb8 23. Qa3 Qxa3 24. Rxa3 Rac7 25. b4 Bc4 26. Kd1 Bf1 27. Kd2 Nc6
28. Rh1 Bc4 29. Nc2 Bd3 30. Rb1 Na7 31. Rb2 Bxc2 32. Rxc2 Nb5 33. Rb3 h6 34.
Rc1 Nd6 35. Ne2 Nc4+ 36. Ke1 Ra7 37. Rc2 Ra1+ 38. Kf2 Rca8 39. Ng3 R8a2 40.
Rbc3 Ra4 41. Nxe4 Rxb4 42. Ng3 Rbb1 43. Ne2 b5 44. Rc1 b4 45. Rxb1 Rxb1 46. Rc1
Rb3 47. e4 Rxh3 48. f5 Rh2+ 49. Kf1 exf5 50. gxf5 b3 51. Ke1 b2 0-1

[Event "Campeonato de España Universitario 2008"]
[Site "Madrid ESP"]
[Date "2008.05.09"]
[Round "5.43"]
[White "Mancha Otano, Aritz"]
[Black "Lopez Rodriguez, Walter"]
[Result "0-1"]
[WhiteElo "1989"]
[BlackElo "2167"]
[PlyCount "76"]
[EventDate "2008.05.08"]
[EventType "swiss"]
[EventRounds "9"]
[EventCountry "ESP"]
[Source "lmi"]
[SourceDate "2008.05.08"]

1. d4 Nf6 2. c4 c5 3. dxc5 Na6 4. Nf3 Nxc5 5. g3 g6 6. Bg2 Bg7 7. O-O d6 8. Nc3
O-O 9. Nd4 a6 10. Bg5 h6 11. Bxf6 Bxf6 12. Nd5 Bg7 13. e3 Bd7 14. Qe2 Rb8 15.
Rac1 Kh7 16. b4 Ne6 17. Nxe6 fxe6 18. Nf4 e5 19. Nxg6 Kxg6 20. Be4+ Kf7 21.
Qh5+ Kg8 22. Qg6 Rf6 23. Qh7+ Kf7 24. f4 Bh3 25. fxe5 Rxf1+ 26. Rxf1+ Bxf1 27.
e6+ Kf8 28. Qf5+ Bf6 29. Qh7 Qe8 30. Bg6 Bd3 31. Bxd3 Qh5 32. Bg6 Qd1+ 33. Kg2
Qe2+ 34. Kh3 Qf1+ 35. Kg4 Qxc4+ 36. Kf3 Qd5+ 37. Ke2 Qxa2+ 38. Kf1 Qxe6 0-1

[Event "Campeonato de España Universitario 2008"]
[Site "Madrid ESP"]
[Date "2008.05.09"]
[Round "5.44"]
[White "Ramos Del Campo, Alexander"]
[Black "Ivanovitch Balsinde, Nicolas M"]
[Result "1/2-1/2"]
[WhiteElo "1961"]
[BlackElo "2141"]
[PlyCount "58"]
[EventDate "2008.05.08"]
[EventType "swiss"]
[EventRounds "9"]
[EventCountry "ESP"]
[Source "lmi"]
[SourceDate "2008.05.08"]

1. e4 e5 2. Nf3 Nc6 3. Bc4 Bc5 4. d3 Nf6 5. O-O d6 6. h3 a6 7. Be3 O-O 8. Nc3
Bxe3 9. fxe3 Ne7 10. Qe2 Ng6 11. Rad1 Qe7 12. Qf2 c6 13. Ne2 d5 14. exd5 cxd5
15. Bb3 Be6 16. Nh4 a5 17. Nxg6 fxg6 18. a3 Ne4 19. Qe1 Rxf1+ 20. Qxf1 Rf8 21.
Qe1 Nf2 22. Rd2 Qh4 23. Ng3 Rf3 24. Rxf2 Rxg3 25. Qf1 h5 26. Rf3 Qxh3 27. d4
Rxf3 28. Qxf3 Qxf3 29. gxf3 Kf7 1/2-1/2

[Event "Campeonato de España Universitario 2008"]
[Site "Madrid ESP"]
[Date "2008.05.09"]
[Round "5.45"]
[White "Garcia Rodriguez, Vanessa"]
[Black "Caravaca Aguirre, Antonio Miguel"]
[Result "0-1"]
[WhiteElo "1967"]
[BlackElo "2130"]
[PlyCount "90"]
[EventDate "2008.05.08"]
[EventType "swiss"]
[EventRounds "9"]
[EventCountry "ESP"]
[Source "lmi"]
[SourceDate "2008.05.08"]

1. e4 c5 2. Nf3 Nc6 3. d4 cxd4 4. Nxd4 g6 5. Nc3 Bg7 6. Be3 Nf6 7. Be2 O-O 8.
O-O d5 9. exd5 Nxd5 10. Nxd5 Qxd5 11. Bf3 Qa5 12. Nb3 Qc7 13. c3 Rd8 14. Qe2
Ne5 15. Be4 Be6 16. Rfd1 Bc4 17. Qc2 Ng4 18. g3 Nxe3 19. fxe3 Bh6 20. Re1 Qe5
21. Bxb7 Bxe3+ 22. Kh1 Rab8 23. Bg2 Bd3 24. Qd1 Qg5 25. Qf3 Bb6 26. Rad1 Bf5
27. Rxd8+ Rxd8 28. Rd1 Rxd1+ 29. Qxd1 e5 30. Qd2 Qxd2 31. Nxd2 Be6 32. c4 Be3
33. Nf3 e4 34. Ne5 f6 35. Nc6 Bxc4 36. Bxe4 Bxa2 37. Ne7+ Kf7 38. Nd5 Bd4 39.
b4 Ke6 40. Nc7+ Ke5 41. Bf3 Bc4 42. Kg2 Bc3 43. b5 Ba5 44. Ne8 Bxb5 45. Ng7 Bb4
0-1